Er. (Record no. 4926)
[ view plain ]
| 000 -LEADER | |
|---|---|
| fixed length control field | 00487cam a22001931 4500 |
| 001 - CONTROL NUMBER | |
| control field | af 48002217 |
| 003 - CONTROL NUMBER IDENTIFIER | |
| control field | DLC |
| 005 - DATE AND TIME OF LATEST TRANSACTION | |
| control field | 20260227110854.0 |
| 008 - FIXED-LENGTH DATA ELEMENTS--GENERAL INFORMATION | |
| fixed length control field | 890401s1944 gw a 000 1 ger c |
| 010 ## - LIBRARY OF CONGRESS CONTROL NUMBER | |
| LC control number | af 48002217 |
| 035 ## - SYSTEM CONTROL NUMBER | |
| System control number | (OCoLC)19486016 |
| 040 ## - CATALOGING SOURCE | |
| Original cataloging agency | Yale Univ. Library |
| Transcribing agency | CU |
| Modifying agency | DLC |
| 042 ## - AUTHENTICATION CODE | |
| Authentication code | premarc |
| 050 00 - LIBRARY OF CONGRESS CALL NUMBER | |
| Classification number | PT2605.E8 |
| Item number | E7 |
| 100 1# - MAIN ENTRY--PERSONAL NAME | |
| Personal name | Cetto, Gitta von, |
| Dates associated with a name | 1908- |
| 245 10 - TITLE STATEMENT | |
| Title | Er. |
| 260 ## - PUBLICATION, DISTRIBUTION, ETC. | |
| Place of publication, distribution, etc. | Hamburg, |
| Name of publisher, distributor, etc. | Hammerich & Lesser |
| Date of publication, distribution, etc. | [1944] |
| 300 ## - PHYSICAL DESCRIPTION | |
| Extent | 80 p. |
| Other physical details | illus. |
| Dimensions | 19 cm. |
No items available.